[Event "Fide Women Grand Prix Dilijan 2013"]
[Site "Dilijan ARM"]
[Date "2013.06.28"]
[Round "11.3"]
[White "Muzychuk, Anna"]
[Black "Danielian, Elina"]
[Result "1/2-1/2"]
[WhiteElo "2593"]
[BlackElo "2475"]
[PlyCount "85"]
[EventDate "2013.06.16"]
[EventType "tourn"]
[EventRounds "11"]
[EventCountry "ARM"]
[EventCategory "11"]
[Source "lmi"]
[SourceDate "2013.06.16"]

1. e4 e6 2. d4 d5 3. Nc3 Bb4 4. e5 c5 5. a3 Bxc3+ 6. bxc3 Ne7 7. Qg4 Qc7 8.
Qxg7 Rg8 9. Qxh7 cxd4 10. Ne2 Nbc6 11. f4 dxc3 12. h4 Bd7 13. h5 d4 14. h6
O-O-O 15. Qd3 a6 16. h7 Rh8 17. Rb1 Be8 18. g4 f6 19. exf6 Bg6 20. fxe7 Bxd3
21. exd8=Q+ Kxd8 22. cxd3 Rxh7 23. Bg2 Rxh1+ 24. Bxh1 Qh7 25. Be4 Qh4+ 26. Kf1
Qh3+ 27. Kf2 Qh2+ 28. Bg2 Qh7 29. Rb6 Qxd3 30. Rxb7 Qc2 31. Bxc6 d3 32. Rd7+
Kc8 33. Rxd3 Qxd3 34. Bf3 c2 35. f5 exf5 36. g5 Qd6 37. Nf4 Qd4+ 38. Kg2 Qd1
39. Ne2 Qd6 40. Nf4 Qd1 41. Ne2 Qd6 42. Nf4 Qd1 43. Ne2 1/2-1/2

[Event "Fide Women Grand Prix Dilijan 2013"]
[Site "Dilijan ARM"]
[Date "2013.06.28"]
[Round "11.6"]
[White "Dzagnidze, Nana"]
[Black "Girya, Olga"]
[Result "1-0"]
[WhiteElo "2550"]
[BlackElo "2436"]
[PlyCount "155"]
[EventDate "2013.06.16"]
[EventType "tourn"]
[EventRounds "11"]
[EventCountry "ARM"]
[EventCategory "11"]
[Source "lmi"]
[SourceDate "2013.06.16"]

1. d4 d5 2. c4 c6 3. Nc3 e6 4. e3 Bd6 5. Bd3 f5 6. Qh5+ g6 7. Qe2 Nf6 8. f4
Nbd7 9. Nf3 O-O 10. O-O Ne4 11. Bd2 Ndf6 12. Be1 Qe7 13. Bh4 Qg7 14. Bxf6 Nxf6
15. a3 h6 16. b4 dxc4 17. Bxc4 b5 18. Bb3 a5 19. Ne5 axb4 20. axb4 Bd7 21. Qb2
Kh7 22. Rxa8 Rxa8 23. Bd1 Qe7 24. Bf3 Ra6 25. Rb1 Be8 26. Nd3 Nd5 27. Bxd5 exd5
28. Re1 Ra8 29. g3 Qa7 30. Rb1 Qa3 31. Qc2 Qa7 32. Kf2 Qe7 33. Rb2 Ra3 34. Nb1
Ra4 35. Nc3 Ra3 36. Rb3 Ra8 37. Rb1 Ra3 38. Qb2 Qa7 39. Qc2 Qe7 40. Ke2 Qa7 41.
Kd2 Qe7 42. Rb2 Ra1 43. Rb1 Ra3 44. Qc1 Ra8 45. Rb2 Ra3 46. Ra2 Rxa2+ 47. Nxa2
Qa7 48. Nc3 Kg7 49. Kc2 Kf8 50. Kb2 Qe7 51. Nc5 Qa7 52. Nd1 Ke7 53. Nf2 Kd8 54.
Nfd3 Kc7 55. Ne5 Kb6 56. Ned3 Qe7 57. Ne5 Qa7 58. Qf1 Qe7 59. Qa1 Qa7 60. Qb1
Kc7 61. Qc2 Kb8 62. Qc3 Kc8 63. Nb3 Kc7 64. Na5 Qa8 65. Nb3 Qa7 66. Nc5 Kc8 67.
Qc2 Qe7 68. Qd1 Qa7 69. g4 Bxc5 70. dxc5 fxg4 71. Qxg4+ Kd8 72. Qe6 Qa4 73.
Qd6+ Kc8 74. Nxc6 Bxc6 75. Qxc6+ Kb8 76. Qd6+ Kc8 77. c6 Qa7 78. Qxd5 1-0